LEADER 01305nam0 22002531i 450 001 UON00093339 005 20231205102521.1 100 $a20020107d1970 |0itac50 ba 101 $aita 102 $aIT 105 $a|||| ||||| 200 1 $aRacconti popolari di S. Sofia d'Epiro, S. Demetrio Corone, Macchia Albanese, S. Cosmo Alb, Vaccarizzo Alb., S. Giorgio Alb 210 $aFirenze$cOlschki$d1970 215 $a448 p.$d25 cm 410 1$1001UON00139903$12001 $aStudi Albanesi. Tradizioni popolari degli Albanesi d'Italia$fpubblicati dall'Istituto di Studi Albanesi dell'Università di Roma$gdiretta da Ernesto Koliqi. 1- $v2 620 $aIT$dFirenze$3UONL000052 686 $aGLOTTOLOGIA$2A 712 $aOlschki$3UONV246364$4650 801 $aIT$bSOL$c20240220$gRICA 912 $aUON00093339 950 $aSIBA - SISTEMA BIBLIOTECARIO DI ATENEO$dSI ALB A ANT 0015 $eSI EO 29320 5 0015 950 $aSIBA - SISTEMA BIBLIOTECARIO DI ATENEO$dSI GLOTT C 2 V 075 $eSI MC 20336 5 075 996 $aRacconti popolari di S. Sofia d'Epiro, S. Demetrio Corone, Macchia Albanese, S. Cosmo Alb., Vaccarizzo Alb., S. Giorgio Alb$970521 997 $aUNIOR